00670nam a2200181Ia 4500001001000000003000500010008004100015010001100056040000900067100002900076245010500105260003400210300002300244650003700267650002300304650003600327710012500363Para_6783CHAP220125s1968 xx 000 0 und d a205579 cCHAP aSifuentes A., J. Antonio aCombate de las plagas de melón, pepino y calabacita en Tehuantepec /c por J. Antonio Sifuentes A. aJuchitan, Oax. :b INIA. CIAS a1 hoja desplegable aCalabaza x Itsmo de Tehuantepec aMelón x plagas  aPepino x Itsmo de Tehuantepec  aInstituto Nacional de Ingestigaciones Agrícolas (México) CIAS. Campo Agrícola Experimental de Itsmo de Tehuantepec